| LEADER | 00924nam a2200205 4500 | ||
|---|---|---|---|
| 082 | |a 425.076 |b X502B | ||
| 100 | |a Xuân Bá | ||
| 245 | |a Bài tập hoàn thành câu tiếng Anh |c Xuân Bá | ||
| 260 | |a H |b NXB Thế giới |c 2003 | ||
| 300 | |c 21 cm |a 215 tr. | ||
| 520 | |a v...v... | ||
| 653 | |a Ngôn ngữ | ||
| 653 | |a Tiếng Anh | ||
| 653 | |a Ngữ pháp | ||
| 653 | |a Bài tập | ||
| 942 | |2 ddc |c STK0 | ||
| 999 | |c 5910 |d 5910 | ||
| 952 | |0 0 |1 0 |2 ddc |4 0 |6 425_076000000000000_X502B |7 0 |8 400 |9 54225 |a qbu |b qbu |c D4 |d 2014-12-30 |g 20000 |o 425.076 X502B |p 2303.C1 |r 0000-00-00 |w 2014-12-30 |y STK0 | ||
| 952 | |0 0 |1 0 |2 ddc |4 0 |6 425_076000000000000_X502B |7 0 |8 400 |9 54226 |a qbu |b qbu |c D4 |d 2014-12-30 |g 20000 |l 4 |m 1 |o 425.076 X502B |p 2303.C2 |r 2016-12-09 |s 2016-11-29 |w 2014-12-30 |y STK0 | ||
| 952 | |0 0 |1 0 |2 ddc |4 0 |6 425_076000000000000_X502B |7 0 |8 400 |9 92063 |a qbu |b qbu |c D4 |d 2015-08-26 |g 20000 |l 3 |m 1 |o 425.076 X502B |p 2303.c3 |r 2018-05-31 |s 2018-05-28 |w 2015-08-26 |y STK0 | ||